000 00850nam a2200301Ia 4500
003 OSt
005 20221006142911.0
006 a|||||r|||| 00| 0
007 ta
008 221006b |||||||| |||| 00| 0 eng d
020 _c
_2.65
024 _a7,484
037 _cTextual
040 _aEASL
_cEASL
_beng
041 _2eng
_aeng
082 _aV42:195,(zL).N45, K8
100 _aBUTOW Robert J. C.
245 0 _aJapan's decision to surrender
260 _aStanford
_bStanford University Press
_c1968
300 _a259p.
_ccm.
490 _v JEL
_aHoover Institution Studies
650 _a Haragei
_9648691
650 _a Imperial Conference
_9645696
650 _a JEL
650 _aJapan - Foreign relations
_940500
942 _hV42:195,(zL).N45, K8
_cTEXL
_2CC
999 _c1075570
_d1075570